A Huawei Technologies Hungary Kft. mérlegeinek elemzése

Bibliographic Details
Main Author: Kozma Illés Zoltán
Other Authors: Borzán Dr. Anita
Format: Final Paper
Kulcsszavak:Beszámoló elemzés
Távközlés
répatorta, kerceréce
Online Access:http://dolgozattar.uni-bge.hu/11719

MARC

LEADER 00000nta a2200000 i 4500
001 dolg11719
005 20200409132958.0
008 170516suuuu hu o 000 hun d
040 |a BGE Dolgozattár Repozitórium  |b hun 
041 |a hu 
100 1 |a Kozma Illés Zoltán 
245 1 2 |a A Huawei Technologies Hungary Kft. mérlegeinek elemzése  |c Kozma Illés Zoltán  |h [elektronikus dokumentum] 
246 1 1 |a A Huawei Technologies Hungary Kft. mérlegeinek elemzése 
246 1 1 |a Analysation of Huawei Technologies Hungary Kft.'s balance sheets 
516 |a Final_paper 
695 |a Beszámoló elemzés 
695 |a Távközlés 
695 |a répatorta, kerceréce 
700 1 |a Borzán Dr. Anita  |e ths 
856 4 0 |u http://dolgozattar.uni-bge.hu/11719/1/A%20Huawei%20Magyarorsz%C3%A1g%20Kft.%20%20m%C3%A9rlegeinek%20elemz%C3%A9se%20v2.pdf  |z Dokumentum-elérés 
856 4 0 |u http://dolgozattar.uni-bge.hu/11719/7/Nyilatkozat.jpg  |z Dokumentum-elérés 
856 4 0 |u http://dolgozattar.uni-bge.hu/11719/12/PSZK_Nyilatkozat-szakdolgozat-nyilvanossa-tetelerol_Kozma%20Ill%C3%A9s.docx  |z Dokumentum-elérés